| 000 | 00000nas 2200000zi 4500 |
| 001 | 9.916239 |
| 003 | CaOODSP |
| 005 | 20250407144810 |
| 006 | m o d f |
| 007 | cr ||||||||||| |
| 008 | 221017c20119999onctr p o f0###b0fre|d |
| 040 | |aCaOODSP|bfre|erda|cCaOODSP |
| 043 | |an-cn--- |
| 086 | 1 |aMR12-14F-PDF |
| 110 | 2 |aInstituts de recherche en santé du Canada.|eauteur,|eorganisme de publication. |
| 245 | 10|aRapport financier trimestriel pour le trimestre terminé le ... |
| 264 | 1|a[Ottawa] : |bInstituts de recherche en santé du Canada, |c[2011]- |
| 310 | |aTrois fois par année |
| 336 | |atexte|btxt|2rdacontent/fre |
| 337 | |ainformatique|bc|2rdamedia/fre |
| 338 | |aressource en ligne|bcr|2rdacarrier/fre |
| 362 | 1 |aParaît depuis : le 30 juin 2011. |
| 500 | |aPublié aussi en anglais sous le titre : Quarterly financial report for the quarter ended ... |
| 588 | |aDescription d'après : le 30 juin 2011. |
| 588 | |aDernière livraison consultée : le 30 juin 2021. |
| 775 | 08|tQuarterly financial report for the quarter ended ...|w(CaOODSP)9.916240 |
| 856 | 40|qHTML|sS.O.|uhttps://cihr-irsc.gc.ca/f/44045.html |